C program design engineers

Kaydedildi:
Detaylı Bibliyografya
Yazar: Hanly, Jeri R.
Materyal Türü: Kitap
Dil:Undetermined
Baskı/Yayın Bilgisi: Boston Pearson Prentice Hall 2000
Konular:
Etiketler: Etiketle
Etiket eklenmemiş, İlk siz ekleyin!
Thư viện lưu trữ: Trung tâm Học liệu Trường Đại học Cần Thơ
LEADER 00555nam a2200193Ia 4500
001 CTU_100836
008 210402s9999 xx 000 0 und d
020 |c 351000 
082 |a 005.133 
082 |b H241 
100 |a Hanly, Jeri R. 
245 0 |a C program design engineers 
245 0 |c Jeri R. Hanly, Elliot B. Koffman 
260 |a Boston 
260 |b Pearson Prentice Hall 
260 |c 2000 
650 |a C ( computer program language ),Mechanical engineering 
904 |i Tuyến 
980 |a Trung tâm Học liệu Trường Đại học Cần Thơ